Gallinas ponedoras /
Guardado en:
| Autor Principal: | |
|---|---|
| Formato: | Libro |
| Publicado: |
Buenos Aires :
Albatros,
1981
|
| Materias: | |
| Etiquetas: |
Agregar Etiqueta
Sin Etiquetas, Sea el primero en etiquetar este registro!
|
| LEADER | 01270nam a22002415a 4500 | ||
|---|---|---|---|
| 001 | CEM.cems015997 | ||
| 008 | 130507s1981##################000#0#####d | ||
| 005 | 20210907174506.0 | ||
| 003 | CEMS | ||
| 245 | 1 | 0 | |a Gallinas ponedoras / |c Ricardo O. Martínez |
| 260 | |a Buenos Aires : |b Albatros, |c 1981 | ||
| 300 | |a 167 p. | ||
| 505 | 0 | |a Clasificación del ave doméstica -- Partes del cuerpo -- Sistema óseo de las aves -- Variedades de crestas -- Clases y razas del standard -- Clase norteamericana -- Clase inglesa -- Clase mediterránea -- Clase asiática -- Clase oriental -- Clase hamburguesa -- Clase copetona -- Alimentación -- Sanidad -- Explotación de ponedoras-- Galpones avícolas -- Cómo seleccionas buenas ponedoras -- Tamñao de la jaula -- Reproductoras en jaulas -- La alimentación a comienzo de la postura -- Calidad del huevo y la edad de las aves -- Factores que intervienen en la calidad del huevo | |
| 100 | 1 | |a Martínez, Ricardo O. | |
| 082 | 0 | 4 | |a 636.5 |
| 653 | |a Aves | ||
| 653 | |a Ave doméstica | ||
| 653 | |a Gallina ponedora | ||
| 653 | |a Instalaciones-cría de ponedoras | ||
| 653 | |a Calidad del huevo | ||
| 653 | |a Galpones avícolas | ||
| 653 | |a Gallina ponedora-alimentación | ||
| 859 | |a CEMS |b BIB. CEMS - Agricultura |h 636.5 |i M366 |p A12238.83 |t Ej.1 | ||
